Štátne dlhopisy Eurozóny počas dlhovej krízy bakalárska práca

Na minha lista:
Detalhes bibliográficos
Autor principal: Engeľ, Marek, 1995-
Autor Corporativo: Národohospodárska fakulta EU. Katedra bankovníctva a medzinárodných financií
Outros Autores: Slobodník, Patrik, 1992-
Formato: Livro
Idioma:eslovaco
Publicado em: Bratislava 2018
Tags: Adicionar Tag
Sem tags, seja o primeiro a adicionar uma tag!

MARC

LEADER 00000nbm a2200000 4500
001 0245855
005 20181213105133.7
041 0 |a slo 
044 |a SK 
245 1 0 |a Štátne dlhopisy Eurozóny počas dlhovej krízy  |b bakalárska práca  |c Marek Engeľ ; školiteľ: Patrik Slobodník 
264 1 |a Bratislava  |c 2018 
300 |a 40 s. 
100 1 |a Engeľ, Marek, 1995- 
700 1 |a Slobodník, Patrik, 1992- 
710 2 |a Národohospodárska fakulta EU. Katedra bankovníctva a medzinárodných financií